[Event "Tatry op"]
[Site "Tatranske Zruby"]
[Date "2007.09.25"]
[Round "5"]
[White "Jandecka, Tomas"]
[Black "Ruckschloss, Karol"]
[Result "1-0"]
[WhiteElo "2202"]
[BlackElo "2295"]
[PlyCount "73"]
[EventDate "2007.09.22"]
[EventType "swiss"]
[EventRounds "9"]
[EventCountry "SVK"]
[SourceTitle "CBM 120 Extra"]
[Source "ChessBase"]
[SourceDate "2007.11.01"]
[SourceVersion "1"]
[SourceVersionDate "2007.11.01"]
[SourceQuality "1"]

1. e4 d6 2. d4 Nf6 3. Nc3 g6 4. f4 Bg7 5. e5 Nfd7 6. Nf3 c5 7. exd6 cxd4 8. Nb5 Na6 9. dxe7 Qxe7+ 10. Qe2 Qxe2+ 11. Bxe2 Nb4 12. Nbxd4 0-0 13. Bd2 Nd5 14. 0-0-0 Nc5 15. Rde1 Rd8 16. f5 Ne4 17. fxg6 hxg6 18. Ba5 b6 19. Bb5 Bb7 20. Rxe4 bxa5 21. Bc6 Bxc6 22. Nxc6 Rdc8 23. Ne7+ Nxe7 24. Rxe7 Rab8 25. c3 Rb5 26. Rhe1 Rc4 27. Rxa7 Rg4 28. Re8+ Kh7 29. Rxf7 Rxg2 30. Ree7 Rbxb2 31. Rxg7+ Kh8 32. Nh4 Rgc2+ 33. Kd1 Rd2+ 34. Ke1 Re2+ 35. Rxe2 Rb1+ 36. Kd2 Kxg7 37. Kd3 1-0

[Event "Tatry op"]
[Site "Tatranske Zruby"]
[Date "2007.09.23"]
[Round "2"]
[White "Jandecka, Tomas"]
[Black "Drugda, Milos"]
[Result "1/2-1/2"]
[WhiteElo "2202"]
[BlackElo "1987"]
[PlyCount "39"]
[EventDate "2007.09.22"]
[EventType "swiss"]
[EventRounds "9"]
[EventCountry "SVK"]
[SourceTitle "CBM 120 Extra"]
[Source "ChessBase"]
[SourceDate "2007.11.01"]
[SourceVersion "1"]
[SourceVersionDate "2007.11.01"]
[SourceQuality "1"]

1. e4 e6 2. d4 d5 3. exd5 exd5 4. Nf3 Bd6 5. Bd3 Ne7 6. Nc3 c6 7. 0-0 Bg4 8. Re1 Qc7 9. h3 Bh5 10. g4 Bg6 11. Nh4 Na6 12. Nf5 Bxf5 13. Bxf5 0-0 14. Bd3 Ng6 15. a3 Rae8 16. Bd2 Rxe1+ 17. Qxe1 Qd7 18. Bxa6 bxa6 19. Qf1 f5 20. Bg5 1/2-1/2

[Event "Tatry op"]
[Site "Tatranske Zruby"]
[Date "2006.09.30"]
[Round "9"]
[White "Nicolini, Alexander"]
[Black "Jandecka, Tomas"]
[Result "1/2-1/2"]
[WhiteElo "2139"]
[BlackElo "2206"]
[PlyCount "34"]
[EventDate "2006.09.23"]
[EventType "swiss"]
[EventRounds "9"]
[EventCountry "SVK"]
[SourceTitle "CBM 114 Extra"]
[Source "ChessBase"]
[SourceDate "2006.11.03"]
[SourceVersion "1"]
[SourceVersionDate "2006.11.03"]
[SourceQuality "1"]

1. e4 d5 2. exd5 Nf6 3. d4 Nxd5 4. Nf3 Bg4 5. Be2 e6 6. 0-0 Nc6 7. Re1 Be7 8. c3 0-0 9. Nbd2 Nf4 10. Bf1 Qd5 11. h3 Bh5 12. Ne4 f5 13. Nf6+ Rxf6 14. Bxf4 Bxf3 15. Qxf3 Qxf3 16. gxf3 Bd6 17. Bd2 e5 1/2-1/2

[Event "Tatry op"]
[Site "Tatranske Zruby"]
[Date "2006.09.27"]
[Round "6"]
[White "Jandecka, Tomas"]
[Black "Staszko, Martin"]
[Result "1/2-1/2"]
[WhiteElo "2206"]
[BlackElo "2071"]
[PlyCount "29"]
[EventDate "2006.09.23"]
[EventType "swiss"]
[EventRounds "9"]
[EventCountry "SVK"]
[SourceTitle "CBM 114 Extra"]
[Source "ChessBase"]
[SourceDate "2006.11.03"]
[SourceVersion "1"]
[SourceVersionDate "2006.11.03"]
[SourceQuality "1"]

1. e4 e6 2. d4 d5 3. exd5 exd5 4. Nf3 c5 5. Nc3 Nf6 6. Bg5 Be7 7. Bb5+ Bd7 8. Bxf6 Bxb5 9. Bxe7 Qxe7+ 10. Kd2 Bd7 11. Qe2 Be6 12. Rae1 0-0 13. Qe5 Nc6 14. Qf4 Rac8 15. Kc1 1/2-1/2

[Event "Tatry op"]
[Site "Tatranske Zruby"]
[Date "2005.09.16"]
[Round "8"]
[White "Nun, Jiri"]
[Black "Jandecka, Tomas"]
[Result "1-0"]
[WhiteElo "2370"]
[BlackElo "2160"]
[PlyCount "61"]
[EventDate "2005.09.10"]
[EventType "swiss"]
[EventRounds "9"]
[EventCountry "SVK"]
[SourceTitle "CBM 108 Extra"]
[Source "ChessBase"]
[SourceDate "2005.11.04"]
[SourceVersion "1"]
[SourceVersionDate "2005.11.04"]
[SourceQuality "1"]

1. e4 c5 2. Nf3 Nf6 3. d3 Nc6 4. g3 d5 5. Nbd2 g6 6. Bg2 Bg7 7. 0-0 0-0 8. c3 b6 9. Re1 d4 10. cxd4 cxd4 11. a3 e5 12. b4 Ne8 13. b5 Na5 14. a4 Nd6 15. Ba3 a6 16. Qb1 Re8 17. Rc1 Bf8 18. Qb2 Bd7 19. Nxe5 Rxe5 20. Qxd4 Re6 21. Bb2 f6 22. Bh3 Re5 23. Bxd7 Qxd7 24. Qxb6 Qd8 25. Qxd8 Rxd8 26. Bxe5 fxe5 27. bxa6 Bh6 28. Rc2 Bxd2 29. Rxd2 Nb3 30. Rb2 Nc5 31. a7 1-0

[Event "Tatry op"]
[Site "Tatranske Zruby"]
[Date "2005.09.14"]
[Round "6"]
[White "Abel, Peter"]
[Black "Jandecka, Tomas"]
[Result "1/2-1/2"]
[WhiteElo "2192"]
[BlackElo "2160"]
[PlyCount "23"]
[EventDate "2005.09.10"]
[EventType "swiss"]
[EventRounds "9"]
[EventCountry "SVK"]
[SourceTitle "CBM 108 Extra"]
[Source "ChessBase"]
[SourceDate "2005.11.04"]
[SourceVersion "1"]
[SourceVersionDate "2005.11.04"]
[SourceQuality "1"]

1. c4 c5 2. Nc3 Nc6 3. g3 g6 4. Bg2 Bg7 5. Nf3 e6 6. d3 Nge7 7. 0-0 0-0 8. Bg5 h6 9. Bf4 d5 10. cxd5 exd5 11. h4 b6 12. Qc1 1/2-1/2

[Event "Tabor op"]
[Site "Tabor"]
[Date "2005.08.04"]
[Round "7"]
[White "Jandecka, Tomas"]
[Black "Ruzicka, Ales"]
[Result "1-0"]
[WhiteElo "2123"]
[BlackElo "1834"]
[PlyCount "41"]
[EventDate "2005.07.30"]
[EventType "swiss"]
[EventRounds "9"]
[EventCountry "CZE"]
[SourceTitle "EXT 2006"]
[Source "ChessBase"]
[SourceDate "2005.11.24"]
[SourceVersion "1"]
[SourceVersionDate "2005.11.24"]
[SourceQuality "1"]

1. e4 c5 2. Nc3 Nc6 3. g3 g6 4. Bg2 Bg7 5. d3 d6 6. Be3 e6 7. Qd2 Nge7 8. Bh6 0-0 9. h4 f5 10. h5 Rf7 11. hxg6 Nxg6 12. exf5 exf5 13. Bd5 Qe7+ 14. Qe3 Qxe3+ 15. Bxe3 Nb4 16. Bxf7+ Kxf7 17. 0-0-0 Be6 18. Rxh7 Rg8 19. Rh5 a6 20. Re1 Ne5 21. Kb1 1-0

[Event "Tabor op"]
[Site "Tabor"]
[Date "2005.08.??"]
[Round "?"]
[White "Jandecka, Tomas"]
[Black "Prochazka, Petr"]
[Result "1/2-1/2"]
[WhiteElo "2160"]
[BlackElo "2006"]
[PlyCount "29"]
[EventDate "2005.07.30"]
[EventType "swiss"]
[EventRounds "9"]
[EventCountry "CZE"]
[SourceTitle "EXT 2006"]
[Source "ChessBase"]
[SourceDate "2005.11.24"]
[SourceVersion "1"]
[SourceVersionDate "2005.11.24"]
[SourceQuality "1"]

1. e4 d5 2. exd5 Nf6 3. c4 e6 4. dxe6 Bxe6 5. Be2 Nc6 6. Nf3 Bc5 7. 0-0 Qd7 8. d3 0-0-0 9. Nbd2 Bd4 10. Nb3 Bb6 11. Be3 Bxe3 12. fxe3 Ng4 13. Qc1 Qd6 14. e4 Nge5 15. Nxe5 1/2-1/2

[Event "Tabor op"]
[Site "Tabor"]
[Date "2005.08.??"]
[Round "5"]
[White "Jandecka, Tomas"]
[Black "Vavra, Pavel"]
[Result "1-0"]
[WhiteElo "2160"]
[BlackElo "2203"]
[PlyCount "65"]
[EventDate "2005.07.30"]
[EventType "swiss"]
[EventRounds "9"]
[EventCountry "CZE"]
[SourceTitle "EXT 2006"]
[Source "ChessBase"]
[SourceDate "2005.11.24"]
[SourceVersion "1"]
[SourceVersionDate "2005.11.24"]
[SourceQuality "1"]

1. e4 c5 2. Nc3 Nc6 3. g3 g6 4. Bg2 Bg7 5. d3 d6 6. Be3 e6 7. Qd2 Rb8 8. Nf3 Nd4 9. Bxd4 cxd4 10. Nb5 a6 11. Nbxd4 Ne7 12. c3 0-0 13. 0-0 Qc7 14. Nc2 b5 15. Rfe1 e5 16. d4 h6 17. Rad1 Nc6 18. dxe5 dxe5 19. Ne3 Be6 20. Nd5 Qa7 21. Qe3 Qb7 22. Nd2 Rfd8 23. Nb3 Bf8 24. Nc5 Bxc5 25. Qxc5 Rbc8 26. Qe3 Kg7 27. f4 exf4 28. gxf4 Bxd5 29. exd5 Qa7 30. Qxa7 Nxa7 31. Rd4 Kf6 32. d6 Nc6 33. d7 1-0